000 01644nam a2200253Ia 4500
999 _c51704
_d51704
001 18695
003 GE_BSU
005 20220920162948.0
008 181216s2008||||ge |||||||||||||| ||geo||
040 _cGE_BSU
041 _ageo
080 _a58 მ-74
100 _aმიქელაძე, ი.
_910606
245 _aვარდის (Rose) ინტროდუქცია ბათუმის ბოტანიკურ ბაღში: დისერტაცია /
_cი. მიქელაძე; სამეცნიერო ხელმძღვანელი მ.დავითაძე. დ. ბარათაშვილი; ბათუმის შოთა რუსთაველის სახელმწიფოფო უნივერსიტეტი. ბიოლოგიის დეპარტამენტი.
264 _aბათუმი :
_bბსუ,
_c2008.
300 _a122 გვ.;
_b30 სმ.
653 _aბოტანიკა
653 _aდისერტაცია
653 _aვარდის (Rose) ინტროდუქცია ბათუმის ბოტანიკურ ბაღში
700 _aდავითაძე, მ.
_eსამეცნიერო ხელმძღვანელი
_92491
700 _aბარათაშვილი, დ.
_eსამეცნიერო ხელმძღვანელი
_910399
710 _aბათუმის შოთა რუსთაველის სახ-ფო უნ-ტი.
_bბიოლოგიის დეპარტამენტი.
_910607
942 _cBK
_2udc